| 000 | 00967nam a2200325 a 4500 | ||
|---|---|---|---|
| 003 | AR-BaBNM | ||
| 005 | 20251128210021.0 | ||
| 008 | 082120s2002 ||||||||||||||000 | spa|| | ||
| 020 | _a987-99917-0-2 | ||
| 040 | _cAR-BaBNM | ||
| 100 | 1 | _aAnder-Egg, Ezequiel | |
| 245 | 0 | 0 | _aLa práctica de la animación sociocultural y el léxico del animador |
| 260 |
_aBuenos Aires _bEdiciones CICCUS _bICSA _c1994 |
||
| 300 | _a179 p. | ||
| 500 | _aEl léxico del animador no tiene paginación | ||
| 504 | _aNo contiene bibliografía | ||
| 650 | 4 | _aACTIVIDADES CULTURALES | |
| 650 | 4 | _aANIMACION CULTURAL | |
| 650 | 4 | _aPROGRAMAS RECREATIVOS | |
| 650 | 4 | _aMETODOS DE ENSEÑANZA | |
| 650 | 4 | _aTECNICAS DIDACTICAS | |
| 650 | 4 | _aNECESIDADES CULTURALES | |
| 650 | 4 | _aNECESIDADES SOCIALES | |
| 650 | 4 | _aJUEGOS EDUCATIVOS | |
| 650 | 4 | _aDIFUSION | |
| 650 | 4 | _aACTIVIDADES RECREATIVAS | |
| 700 | 1 |
_aVelleggia, Susana _edirector |
|
| 942 | _cBK | ||
| 998 | _cRaquel | ||
| 999 |
_c13717 _d13717 |
||